00799nam a2200205 i 450000100060000000300090000600500170001500700030003200800410003510000360007624501480011226000380026030000220029870000300032070000440035070000280039485200320042299900170045495201220047166258ES-MaACL20230906165600.0t|040130s1979 sp ||||1| spa d1 aGalbraith, John Kenneth.95334510aIntroducción a la economía / cJohn Kenneth Galbraith, Nicole Salinger ; prólogo de Fabián Estapé ; [traducción de Gustav Muñoz]. aBarcelona : bCrítica, c[1979] a234 p. ; c20 cm.1 aSalinger, Nicole.91019591 aEstapé, Fabián (d1923-2012)9480111 aMuñoz, Gustau.984309 aES-MaACLjA-10392 bR.99344 c66258d66258 00104070aATENEOMbATENEOMcDEPO1d2008-01-17eSCl0oA-10392p1069416r2023-02-23 00:00:00w2023-02-23yMONOGRAFIA